Out of Sync / Lance Bass ; introduction by Marc Eliot

Bibliographic Details
Main Author: Bass, Lance 1979-
Format: Book
Published: New York : Simon Spotlight Entertainment , 2007
Subjects:

MARC

LEADER 00000cam a2200000 7i4500
001 0000123793
005 20080903.0
020 |a 1416585982 
090 0 0 |a 782.42164092   |b BAS 
100 1 |a Bass, Lance   |c 1979- 
245 1 0 |a Out of Sync / Lance Bass ; introduction by Marc Eliot 
260 |a New York :   |b Simon Spotlight Entertainment ,   |c 2007 
300 |a 196p. ;   |c 21cm. 
600 0 0 |a Bass, Lance, 1979- 
650 0 0 |a N Sync (Musical group) 
650 0 0 |a Rock musicians   |z United States   |x Biography 
999 |a 00218928   |b BUKU   |c PINJAMAN   |e PERPUSTAKAAN KOMUNITI PETALING JAYA